01383nam a2200241Ia 4500001000900000003001000009008004100019040002500060041001300085100001200098245004100110250001100151260009200162300001200254500026000266501011400526520026000640650002900900942000700929957000600936999004100942952015800983L010-182IT-CnALBA170116s9999||||xx |||||||||||||| ||und|| aIT-CnALBAcIT-CnALBA aITALIANO aAA. VV. 0aALMANACCO DELLA DONNA ITALIANA 1930  a1a ed. a FIRENZEbBEMPORAD R. E FIGLIO, EDITORI c1929 [1° Ed.:1929 - Ed.Ling.Originale: 1929] a394 p.  aCALENDARIO: GENERALITA'. STAGIONI ASTRONOMICHE. FESTE. DUETTO D'AMORE (TEATRO). DONNE ILLUSTRI. DONNA E TEATRO. DONNE LETTERATE. ACCADEMIE DI DONNE. LE DONNE VIRGILIANE. LE DONNE SANTE. DONNE DI MISTRAL. BIMBI. SCRITTRICE D'ITALIA E ALTRE NAZIONI. SRENNE  aSocietà San Paolo EM - Piazza San Paolo, 14 - 12051 ALBA (CN) (non commercial uses only) ® Copyright 2017 aCALENDARIO: GENERALITA'. STAGIONI ASTRONOMICHE. FESTE. DUETTO D'AMORE (TEATRO). DONNE ILLUSTRI. DONNA E TEATRO. DONNE LETTERATE. ACCADEMIE DI DONNE. LE DONNE VIRGILIANE. LE DONNE SANTE. DONNE DI MISTRAL. BIMBI. SCRITTRICE D'ITALIA E ALTRE NAZIONI. SRENNE  aBIBLIOGRAFIE E CATALOGHI cBK 71 a281bSI g Copie: 1 c259418d259418 0010406L_01018271aALBAbALBAd2017-01-16l0oL010-182r2017-01-16 00:00:00w2017-01-16yBKz(data import: 16 gennaio 2017) - By Epidotti, Vaglietti.